00426nam a2200157Ia 4500003000400000008004100004040001600045082001300061100001900074245006100093260004200154300001000196490002500206650001500231650002200246GCL140319s9999 xx 000 0 eng d aGCL / cGCL04a843bP A1 aPROUST, MARCEL10aA L'OMBRE DES JEUNES FILLES EN FLEURS / cPROUST, MARCEL a[S.N] : bLE LIVRE DE POCHE ، c1992 a607 P aLE LIVRE DE POCHEv004aLITERATURE04aFRENCH LITERATURE